Fumetti liberi dal male

שמור ב:
מידע ביבליוגרפי
מחבר ראשי: Lucas Califano
פורמט: ספר
שפה:אנגלית
יצא לאור: Lecce 2023
תגים: הוספת תג
אין תגיות, היה/י הראשונ/ה לתייג את הרשומה!

MARC

LEADER 00000nam a2200000 4500
003 Arcigay Genova
005 20251125170212.0
008 251125b |||||||| |||| 00| 0 eng d
020 |a 9791221472349 
040 |c Arcigay Genova  
100 |a Lucas Califano 
245 |a Fumetti liberi dal male  |c Lucas Califano  
260 |a Lecce  |c 2023 
942 |2 ddc  |c BK  |n 0 
952 |0 0  |1 0  |2 ddc  |4 0  |6 741_500000000000000_CAL_FUM  |7 0  |9 9976  |a GE  |b GE  |d 2025-11-25  |l 0  |o 741.5 CAL FUM  |p 2054  |r 2025-11-25 17:07:13  |w 2025-11-25  |y BK  |z Donazione di Alexander Cavo 
999 |c 8319  |d 8319